[Event "SUI-chT Bodan-Mendrisio"]
[Site "?"]
[Date "2009.09.05"]
[Round "6.4"]
[White "Schmid, Michael"]
[Black "Sedina, Yelena"]
[Result "1/2-1/2"]
[WhiteElo "2208"]
[BlackElo "2374"]
[PlyCount "146"]
[EventDate "2009.01.04"]
[SourceDate "2001.01.01"]

1. Nf3 d5 2. g3 c6 3. d3 Bg4 4. Bg2 Nf6 5. Nbd2 Nbd7 6. O-O e5 7. e4 Bd6 8. h3
Bh5 9. Qe2 O-O 10. Kh2 Re8 11. a4 a5 12. Re1 Nc5 13. Qf1 Qc7 14. Nh4 Rad8 15.
Bf3 Bxf3 16. Nhxf3 Nfd7 17. Nh4 Nb6 18. b3 Ne6 19. Bb2 f6 20. Rad1 Bb4 21. Re2
dxe4 22. Nxe4 Nd5 23. c3 Bf8 24. Qg2 Qb6 25. Qf3 Qxb3 26. Red2 Qb6 27. Qg4 Kh8
28. Qh5 Qc7 29. Rb1 Kg8 30. Qg4 Nc5 31. Rbd1 Qf7 32. Nf5 Kh8 33. Ba3 b6 34.
Nxc5 Bxc5 35. Bxc5 bxc5 36. Qc4 Qd7 37. Nh4 Qe7 38. Rb1 Rb8 39. Rdb2 Rxb2 40.
Rxb2 g6 41. Qa6 Qd6 42. Qxa5 Nc7 43. Rb7 Ne6 44. Qa7 Ng5 45. Rg7 Qxd3 46. Qd7
Qxd7 47. Rxd7 Ra8 48. Rd6 Ne4 49. Rxc6 Rxa4 50. f3 Ra2+ 51. Kg1 Nxg3 52. Rxc5
g5 53. Ng2 Ne2+ 54. Kf1 Ng3+ 55. Kg1 e4 56. fxe4 Ra1+ 57. Kh2 Nf1+ 58. Kg1 Nd2+
59. Kh2 Nxe4 60. Rc7 h5 61. Ne3 Ra2+ 62. Kg1 h4 63. c4 Ra3 64. Nd5 Rxh3 65. Re7
f5 66. Rf7 Rg3+ 67. Kh2 Rf3 68. Ne7 Nd6 69. Rf6 Nxc4 70. Nxf5 Nd6 71. Rh6+ Kg8
72. Nxd6 Kg7 73. Re6 g4 1/2-1/2

[Event "SUI-chT Mendrisio-Bodan"]
[Site "?"]
[Date "2009.09.05"]
[Round "6.5"]
[White "Mantovani, Renzo"]
[Black "Fischer, Andre"]
[Result "0-1"]
[WhiteElo "2386"]
[BlackElo "2226"]
[PlyCount "70"]
[EventDate "2007.09.05"]
[SourceDate "2001.01.01"]

1. d4 Nf6 2. Nf3 e6 3. g3 b5 4. Qd3 a6 5. e4 Bb7 6. e5 Nd5 7. Bg2 Be7 8. O-O
O-O 9. a4 b4 10. c4 bxc3 11. bxc3 c5 12. Ba3 cxd4 13. cxd4 Nc6 14. Bxe7 Qxe7
15. a5 Rfc8 16. Nbd2 Ncb4 17. Qb1 Nc3 18. Qb2 Bd5 19. Qa3 Nb5 20. Qa4 Nc2 21.
Rac1 Nc3 22. Qxc2 Ne2+ 23. Kh1 Nxc1 24. Qd1 Qb4 25. Ng5 Bxg2+ 26. Kxg2 h6 27.
Ngf3 Qxa5 28. Ne4 Qd5 29. Nc5 Na2 30. Qd2 a5 31. Nd3 Nc3 32. Nf4 Qb7 33. Nh5
Ne4 34. Qd3 Rc3 35. Qb1 Qxb1 0-1

[Event "SUI-chT Bodan-Mendrisio"]
[Site "?"]
[Date "2009.09.05"]
[Round "6.6"]
[White "Wildi, Marcel"]
[Black "Vezzosi, Paolo"]
[Result "0-1"]
[WhiteElo "2274"]
[BlackElo "2312"]
[PlyCount "110"]
[EventDate "2007.09.05"]
[SourceDate "2001.01.01"]

1. g3 d5 2. Bg2 c6 3. d3 Nf6 4. Nd2 Bg4 5. h3 Bh5 6. Ngf3 Nbd7 7. O-O e5 8. e4
dxe4 9. dxe4 Bc5 10. Qe2 O-O 11. Re1 Qc7 12. Nf1 Rfd8 13. c3 a5 14. Qc2 a4 15.
Nh4 b5 16. Nf5 Ne8 17. Be3 Bxe3 18. N5xe3 Nc5 19. f3 f6 20. b4 Ne6 21. Rad1 Bf7
22. Rxd8 Rxd8 23. Rd1 Nd6 24. Kf2 Qa7 25. Ke1 c5 26. Nd5 cxb4 27. Nxb4 Nc4 28.
Nd5 Kf8 29. Qf2 Qxf2+ 30. Kxf2 Nc7 31. f4 Nxd5 32. exd5 Ke7 33. fxe5 fxe5 34.
Ne3 Nxe3 35. Kxe3 Kd6 36. Be4 h6 37. Rf1 Rd7 38. a3 Rc7 39. Kd2 Bxd5 40. Bxd5
Kxd5 41. Rb1 Rc5 42. Rb4 e4 43. Ke2 Ke5 44. Kd2 g5 45. Rb2 h5 46. Rb1 h4 47.
gxh4 gxh4 48. Rg1 Kf4 49. Ke2 Rxc3 50. Rg4+ Ke5 51. Rxh4 Rxa3 52. Rh5+ Kf4 53.
Rxb5 Rxh3 54. Ra5 a3 55. Kf2 Rb3 0-1

[Event "SUI-chT Mendrisio-Bodan"]
[Site "?"]
[Date "2009.09.05"]
[Round "6.7"]
[White "Patuzzo, Fabrizio"]
[Black "Egle, Stefan"]
[Result "1/2-1/2"]
[WhiteElo "2260"]
[BlackElo "2144"]
[PlyCount "112"]
[EventDate "2007.09.05"]
[SourceDate "2001.01.01"]

1. c4 e6 2. g3 Nf6 3. Bg2 d5 4. Nf3 Be7 5. O-O O-O 6. d3 c5 7. Bf4 Nc6 8. Nc3
d4 9. Na4 Bd6 10. Bg5 Qc7 11. Bxf6 gxf6 12. e4 Ne7 13. b4 Bd7 14. bxc5 Bxc5 15.
Rb1 Rab8 16. Nd2 e5 17. f4 Bd6 18. fxe5 fxe5 19. Rf6 Kg7 20. Rf2 Qa5 21. Nb2 f6
22. Nf3 Ng6 23. Qb3 Qa3 24. Rc2 Rfc8 25. Rbc1 b6 26. Nd2 a5 27. Nb1 Qb4 28. Nd1
Ba4 29. Qxb4 Bxb4 30. Rb2 Bd6 31. Bh3 Rc5 32. Nd2 Rc7 33. Rcb1 Ba3 34. Nb3 Bxb2
35. Nxb2 Bxb3 36. axb3 b5 37. Be6 Nf8 38. Bd5 bxc4 39. Bxc4 Nd7 40. Na4 Nc5 41.
Nxc5 Rxc5 42. Ra1 Kg6 43. Kf2 h5 44. Kf3 Rf8 45. Rc1 Rfc8 46. Rg1 R8c7 47. h4
Rg7 48. Rc1 Rcc7 49. Ra1 Ra7 50. Be6 Rge7 51. Bc4 Kh6 52. Bd5 Rg7 53. Ra2 Rgc7
54. Ra4 Rg7 55. Ra2 Kg6 56. Ra4 Kh6 1/2-1/2

[Event "SUI-chT Bodan-Mendrisio"]
[Site "?"]
[Date "2009.09.05"]
[Round "6.8"]
[White "Pluess, Peter"]
[Black "Salvetti, Alec"]
[Result "1-0"]
[WhiteElo "2174"]
[BlackElo "2271"]
[PlyCount "123"]
[EventDate "2007.09.05"]
[SourceDate "2001.01.01"]

1. d4 Nf6 2. g3 c5 3. dxc5 e6 4. Bg2 Bxc5 5. Nh3 d5 6. c4 Qa5+ 7. Nd2 dxc4 8.
O-O Qa6 9. Qc2 Nc6 10. Qxc4 Qxc4 11. Nxc4 e5 12. Ng5 h6 13. Ne4 Nxe4 14. Bxe4
Be6 15. Bxc6+ bxc6 16. Be3 Bd4 17. Bxd4 exd4 18. Na5 Bd5 19. Rfc1 Kd7 20. a3
Rhe8 21. Kf1 Rab8 22. b4 Rb5 23. Rc2 Kc7 24. Rac1 Re6 25. Rd2 Re4 26. Rdc2 Re6
27. Rc5 Rxc5 28. Rxc5 g5 29. Nc4 a6 30. Nb2 Bb3 31. Ke1 Bd5 32. Kd2 Rf6 33. f3
Re6 34. Nd3 f6 35. a4 Bb3 36. a5 Ba4 37. Rc4 Rd6 38. Rc5 Bb5 39. Nb2 Re6 40.
Nc4 Kd8 41. h4 Ke8 42. h5 Ke7 43. g4 Kd8 44. Kd3 Re3+ 45. Kxd4 Rxe2 46. Na3
Rd2+ 47. Ke4 Ba4 48. Kf5 Rd3 49. Nc4 Rxf3+ 50. Kg6 Ke7 51. Kxh6 Rf4 52. Kg7 Bc2
53. Ne3 Bd3 54. Rxc6 Rf3 55. Nf5+ Bxf5 56. gxf5 g4 57. Re6+ Kd7 58. Rxf6 g3 59.
h6 Ke7 60. Re6+ Kd7 61. Rg6 Rxf5 62. h7 1-0

[Event "SUI-chT Luzern-Joueur"]
[Site "Luzern"]
[Date "2009.09.05"]
[Round "6.1"]
[White "Papa, Severin"]
[Black "Gallagher, Joseph"]
[Result "0-1"]
[WhiteElo "2449"]
[BlackElo "2474"]
[PlyCount "108"]
[EventDate "2009.09.05"]
[SourceDate "2001.01.01"]

1. d4 Nf6 2. Bg5 Ne4 3. Bf4 d5 4. e3 e6 5. Bd3 b6 6. Nd2 Bb7 7. Ne2 Nd7 8. f3
Nxd2 9. Qxd2 c5 10. Nc3 a6 11. h4 Be7 12. Qf2 b5 13. Qg3 Qb6 14. Qxg7 Bf6 15.
Qg3 cxd4 16. Bc7 Qc6 17. exd4 Bxd4 18. Ba5 Be5 19. f4 Bc7 20. Bxc7 Qxc7 21.
O-O-O O-O-O 22. Qf2 Qc5 23. Rhf1 Qxf2 24. Rxf2 Nf6 25. Rg1 Rhg8 26. Ne2 d4 27.
g3 Kc7 28. Rff1 Kb6 29. g4 Rxg4 30. Rxg4 Nxg4 31. Bxh7 Rh8 32. Bd3 Kc5 33. a3
Rxh4 34. b4+ Kd5 35. Ng3 Kd6 36. Ne2 Ne3 37. Rg1 Nd5 38. Rg7 Nxf4 39. Rxf7
Nxd3+ 40. cxd3 Bc6 41. Ra7 e5 42. Ng3 Rh3 43. Nf5+ Ke6 44. Ng7+ Kd5 45. Kd2
Rh2+ 46. Kc1 Rh3 47. Kd2 e4 48. dxe4+ Kxe4 49. Rxa6 Bd5 50. Ne6 Rh2+ 51. Kc1 d3
52. Nc5+ Ke3 53. Rd6 Rc2+ 54. Kb1 Ba2+ 0-1

[Event "SUI-chT Joueur-Luzern"]
[Site "Luzern"]
[Date "2009.09.05"]
[Round "6.2"]
[White "Chernuschevich, Alexei"]
[Black "Kurmann, Oliver"]
[Result "1-0"]
[WhiteElo "2526"]
[BlackElo "2441"]
[PlyCount "64"]
[EventDate "2009.09.05"]
[SourceDate "2001.01.01"]

1. Nf3 Nf6 2. c4 c5 3. e3 e6 4. d4 b6 5. Nc3 d6 6. Be2 a6 7. O-O Bb7 8. a4 Nc6
9. d5 exd5 10. cxd5 Ne7 11. e4 Ng6 12. Nd2 Be7 13. f4 O-O 14. Bd3 Re8 15. Nc4
Bf8 16. Ne3 Qc7 17. Qf3 h5 18. Nc4 Bc8 19. e5 Bg4 20. Qg3 h4 21. Qf2 dxe5 22.
Bxg6 e4 23. h3 Bd7 24. f5 b5 25. Bf4 Qb7 26. Ne5 fxg6 27. fxg6 b4 28. Nxe4 Bf5
29. Nxf6+ gxf6 30. Bh2 Rxe5 31. Bxe5 Qxd5 32. Qxf5 Qxe5 1-0

[Event "SUI-chT Luzern-Joueur"]
[Site "Luzern"]
[Date "2009.09.05"]
[Round "6.3"]
[White "Atlas, Valery"]
[Black "Sermier, Guillaume"]
[Result "1/2-1/2"]
[WhiteElo "2429"]
[BlackElo "2397"]
[PlyCount "61"]
[EventDate "2009.09.05"]
[SourceDate "2001.01.01"]

1. e4 e6 2. d4 d5 3. Nc3 Bb4 4. e5 Ne7 5. a3 Bxc3+ 6. bxc3 c5 7. Qg4 O-O 8. Bd3
Nbc6 9. Bg5 Qa5 10. Ne2 cxd4 11. f4 dxc3 12. O-O Ng6 13. Qh5 Qc5+ 14. Kh1 Nce7
15. Bf6 Rd8 16. Bxe7 Qxe7 17. Nxc3 Bd7 18. Ne2 Qc5 19. Rab1 b6 20. Rf3 Be8 21.
Qg4 Qe7 22. Rh3 Qc5 23. Ng3 Qxa3 24. Nh5 Qc5 25. Nxg7 Kxg7 26. Qg5 Kg8 27. Qh6
f5 28. Qxh7+ Kf8 29. Qh6+ Kg8 30. Qh7+ Kf8 31. Qh6+ 1/2-1/2

[Event "SUI-chT Joueur-Luzern"]
[Site "Luzern"]
[Date "2009.09.05"]
[Round "6.4"]
[White "Netzer, Jean"]
[Black "Zueger, Beat"]
[Result "1/2-1/2"]
[WhiteElo "2367"]
[BlackElo "2415"]
[PlyCount "38"]
[EventDate "2009.09.05"]
[SourceDate "2001.01.01"]

1. c4 g6 2. Nc3 c5 3. g3 Bg7 4. Bg2 Nc6 5. d3 Rb8 6. e4 a6 7. a4 d6 8. Nge2 e5
9. Nd5 Nge7 10. Nec3 Nxd5 11. Nxd5 O-O 12. O-O Be6 13. Bd2 b6 14. Bc3 Qd7 15.
f4 f5 16. Qd2 Kh8 17. Rf2 Nd4 18. Bxd4 cxd4 19. exf5 gxf5 1/2-1/2

[Event "SUI-chT Luzern-Joueur"]
[Site "Luzern"]
[Date "2009.09.05"]
[Round "6.5"]
[White "Loetscher, Roland"]
[Black "Lehtivaara, Petri"]
[Result "1-0"]
[WhiteElo "2356"]
[BlackElo "2360"]
[PlyCount "73"]
[EventDate "2009.09.05"]
[SourceDate "2001.01.01"]

1. d4 e6 2. c4 b6 3. g3 Bb7 4. Nf3 Bb4+ 5. Bd2 Bxf3 6. exf3 Bxd2+ 7. Qxd2 Qf6
8. f4 Ne7 9. Nc3 Nf5 10. O-O-O O-O 11. g4 Nh4 12. Bd3 c6 13. d5 Ng6 14. Ne2
cxd5 15. cxd5 exd5 16. h4 Nc6 17. h5 Nge7 18. Bc2 Rac8 19. Kb1 Qd6 20. Ng3 Qc5
21. h6 g6 22. Rhe1 Rfe8 23. f5 Nb4 24. Bb3 Nec6 25. a3 Na6 26. Bxd5 Nc7 27. Ne4
Rxe4 28. Bxe4 d5 29. Rc1 Qd6 30. Bg2 Ne7 31. Qd4 f6 32. fxg6 hxg6 33. g5 Rf8
34. Bh3 Nb5 35. Qd3 a6 36. Re6 Qd8 37. gxf6 1-0

[Event "SUI-chT Joueur-Luzern"]
[Site "Luzern"]
[Date "2009.09.05"]
[Round "6.6"]
[White "Lamoureux, Charles"]
[Black "Almada, Enrique"]
[Result "1/2-1/2"]
[WhiteElo "2366"]
[BlackElo "2326"]
[PlyCount "104"]
[EventDate "2009.09.05"]
[SourceDate "2001.01.01"]

1. e4 e5 2. Nf3 Nc6 3. Bc4 Nf6 4. d3 Be7 5. Nbd2 O-O 6. Bb3 h6 7. c3 d5 8. Qe2
Re8 9. Nf1 Bf8 10. h3 Be6 11. g4 dxe4 12. dxe4 Nd7 13. Bc2 Ne7 14. g5 Ng6 15.
gxh6 gxh6 16. Ng3 Nf6 17. Bd2 c6 18. Nf5 Bxf5 19. exf5 Nf4 20. Qf1 Qd5 21. Nh4
Rad8 22. O-O-O Qxa2 23. Bxf4 Ba3 24. bxa3 Qa1+ 25. Bb1 Qxc3+ 26. Bc2 Qa1+ 27.
Bb1 Qc3+ 28. Bc2 Qa1+ 29. Bb1 Qxa3+ 30. Kc2 Qa4+ 31. Kb2 Rxd1 32. Qxd1 Qxf4 33.
Nf3 e4 34. Rg1+ Kh7 35. Qd4 Qxf5 36. Nd2 Qe5 37. Qxe5 Rxe5 38. f3 Rg5 39. Rxg5
hxg5 40. Nxe4 Nxe4 41. fxe4 Kg6 42. e5+ Kg7 43. Kc3 f6 44. e6 Kf8 45. Kb4 Ke7
46. Bf5 Kd6 47. Bg4 b6 48. Bf5 a6 49. Bg4 c5+ 50. Ka4 Ke7 51. Bf5 Kd6 52. Bg4
Ke7 1/2-1/2

[Event "SUI-chT Luzern-Joueur"]
[Site "Luzern"]
[Date "2009.09.05"]
[Round "6.7"]
[White "Raeber, Markus"]
[Black "Meyer, Harvey"]
[Result "1/2-1/2"]
[WhiteElo "2290"]
[BlackElo "2222"]
[PlyCount "85"]
[EventDate "2009.09.05"]
[SourceDate "2001.01.01"]

1. d4 Nf6 2. g3 d5 3. c4 c6 4. Bg2 e6 5. Nf3 Nbd7 6. O-O Bd6 7. Nc3 O-O 8. Qc2
Re8 9. Rd1 Qe7 10. Bf4 Bxf4 11. gxf4 dxc4 12. e3 Nf8 13. a4 Bd7 14. Ne5 Red8
15. a5 Rac8 16. Na4 Be8 17. Qxc4 Nd5 18. Qb3 f6 19. Nf3 Bf7 20. Qa3 Ng6 21.
Rdc1 Rc7 22. Qxe7 Ngxe7 23. Ne1 Bg6 24. Nc5 Kf7 25. Bh3 Bf5 26. Bf1 Bg6 27. Ng2
b6 28. Na6 Rcc8 29. f3 Ke8 30. Bc4 Bf7 31. Kf2 Nc7 32. Nxc7+ Rxc7 33. axb6 axb6
34. Ra6 Rb7 35. Ne1 e5 36. fxe5 fxe5 37. Bxf7+ Kxf7 38. Nd3 exd4 39. Ne5+ Ke6
40. exd4 Rxd4 41. Nxc6 Nxc6 42. Rxc6+ Rd6 43. Rc2 1/2-1/2

[Event "SUI-chT Joueur-Luzern"]
[Site "Luzern"]
[Date "2009.09.05"]
[Round "6.8"]
[White "Burnier, David"]
[Black "Rusev, Aleksandar"]
[Result "0-1"]
[WhiteElo "2326"]
[BlackElo "2237"]
[PlyCount "111"]
[EventDate "2009.09.05"]
[SourceDate "2001.01.01"]

1. d4 Nf6 2. c4 e6 3. Nf3 Bb4+ 4. Nbd2 d5 5. a3 Be7 6. Qc2 O-O 7. e4 dxe4 8.
Nxe4 Nbd7 9. Bd3 Nxe4 10. Bxe4 Nf6 11. Bd3 Ne8 12. Be4 Nf6 13. Bd3 b6 14. Bg5
h6 15. h4 Bb7 16. O-O-O b5 17. cxb5 c6 18. Bxf6 Bxf6 19. Bh7+ Kh8 20. Be4 Rc8
21. bxc6 Bxc6 22. Bxc6 Qb6 23. Kb1 Rxc6 24. Qe2 Rb8 25. Ne5 Rc7 26. Rh3 Rbc8
27. Rf3 Qb7 28. h5 Kg8 29. Qd3 Rd8 30. Qe3 Qd5 31. Ng4 Bxd4 32. Qe2 Rcd7 33.
Rfd3 Qf5 34. Ka2 Qd5+ 35. Kb1 Qb5 36. R3d2 Qf5+ 37. Ka2 e5 38. Nxe5 Qe6+ 39.
Nc4 Qd5 40. b3 a5 41. a4 Qc5 42. Qg4 Qa7 43. f3 Qc5 44. Qe4 f5 45. Qe6+ Kh8 46.
Qb6 Qe7 47. Rxd4 Rxd4 48. Rxd4 Qe2+ 49. Ka3 Rxd4 50. Qxd4 Qxg2 51. Qd5 Qh1 52.
Nxa5 Qxh5 53. Nc6 Qe8 54. Qd8 Qxd8 55. Nxd8 g5 56. Ne6 0-1

[Event "SUI-chT Winterthur-Zuerich"]
[Site "?"]
[Date "2009.09.12"]
[Round "6.1"]
[White "Ballmann, Martin"]
[Black "Pelletier, Yannick"]
[Result "1/2-1/2"]
[WhiteElo "2379"]
[BlackElo "2558"]
[PlyCount "53"]
[EventDate "2009.09.12"]
[SourceDate "2001.01.01"]

1. d4 e6 2. c3 Nf6 3. Nf3 b6 4. Bf4 Be7 5. h3 c5 6. e3 O-O 7. Bd3 Ba6 8. Bxa6
Nxa6 9. O-O Qc8 10. Nbd2 Qb7 11. a4 d5 12. Ne5 Nc7 13. Nd3 c4 14. Bxc7 Qxc7 15.
Ne5 a6 16. b4 Bd6 17. f4 b5 18. a5 Ne8 19. e4 f6 20. exd5 fxe5 21. fxe5 Rxf1+
22. Nxf1 Bxe5 23. dxe5 Qxe5 24. dxe6 Qxe6 25. Ra2 Nf6 26. Re2 Qd5 27. Qe1
1/2-1/2

[Event "SUI-chT Zuerich-Winterthur"]
[Site "?"]
[Date "2009.09.12"]
[Round "6.2"]
[White "Bauer, Christian"]
[Black "Sutter, Oliver"]
[Result "1-0"]
[WhiteElo "2625"]
[BlackElo "2381"]
[PlyCount "49"]
[EventDate "2009.09.12"]
[SourceDate "2001.01.01"]

1. e4 c6 2. d3 d5 3. Qe2 dxe4 4. dxe4 e5 5. Nf3 Ne7 6. Nbd2 Ng6 7. Nc4 Be7 8.
Bd2 Qc7 9. Bc3 Nd7 10. g3 b5 11. Ne3 O-O 12. h4 b4 13. Bd2 Bc5 14. h5 Ne7 15.
Ng4 f5 16. exf5 Nxf5 17. O-O-O Qa5 18. Qc4+ Kh8 19. Nfxe5 Nxe5 20. Nxe5 Rf6 21.
Ng6+ hxg6 22. hxg6+ Nh6 23. Bxh6 Be6 24. Bg5+ Kg8 25. Bxf6 1-0

[Event "SUI-chT Winterthur-Zuerich"]
[Site "?"]
[Date "2009.09.12"]
[Round "6.3"]
[White "Forster, Richard"]
[Black "Jenni, Florian"]
[Result "1/2-1/2"]
[WhiteElo "2446"]
[BlackElo "2492"]
[PlyCount "45"]
[EventDate "2009.09.12"]
[SourceDate "2001.01.01"]

1. Nf3 Nf6 2. g3 g6 3. Bg2 Bg7 4. O-O O-O 5. d4 d6 6. a4 a5 7. Nc3 c6 8. e4 Bg4
9. h3 Bxf3 10. Bxf3 Nfd7 11. Be3 e5 12. Bg2 Na6 13. Qd2 Qc7 14. Rad1 Rad8 15.
Kh2 exd4 16. Bxd4 Bxd4 17. Qxd4 Qb6 18. b3 Qxd4 19. Rxd4 Ndc5 20. Nd1 f5 21.
exf5 Rxf5 22. Ne3 Re5 23. Rd2 1/2-1/2

[Event "SUI-chT Winterthur-Zuerich"]
[Site "?"]
[Date "2009.09.12"]
[Round "6.5"]
[White "Schiendorfer, Emanuel"]
[Black "Hug, Werner"]
[Result "0-1"]
[WhiteElo "2297"]
[BlackElo "2455"]
[PlyCount "152"]
[EventDate "2009.09.12"]
[SourceDate "2001.01.01"]

1. d4 Nf6 2. Nf3 d6 3. c4 Bg4 4. Nc3 g6 5. e4 Bg7 6. Be2 Nfd7 7. Be3 c5 8. d5
Qb6 9. Qd2 O-O 10. h3 Bxf3 11. Bxf3 Qb4 12. Be2 Nb6 13. Nd1 N8d7 14. Rc1 f5 15.
exf5 gxf5 16. O-O Qxd2 17. Bxd2 f4 18. Re1 Ne5 19. Bf1 a6 20. Re4 Ng6 21. h4
Rf5 22. Be2 Raf8 23. Bg4 Re5 24. Nc3 h5 25. Be6+ Kh7 26. b3 Rxe4 27. Nxe4 Nxh4
28. Ng5+ Kg6 29. Nh3 Be5 30. Re1 Kg7 31. Re4 Ng6 32. Ng5 Rf6 33. Nf3 Bb2 34.
Bh3 Na8 35. Re2 b6 36. Bc8 Nc7 37. Ng5 Be5 38. Nf3 Ba1 39. Re1 Bb2 40. Re2 Ne5
41. Nxe5 Bxe5 42. Re4 Kg6 43. Kf1 Rf8 44. Bd7 Ne8 45. Be6 Nf6 46. Re1 Nh7 47.
a4 Ng5 48. Bd7 Rd8 49. Bc6 a5 50. Ke2 Rf8 51. f3 Rd8 52. Rh1 Nf7 53. Rh4 Nh6
54. Kd3 Nf5 55. Rh1 h4 56. Be1 Kg5 57. Bb5 Bd4 58. Bc6 Bf6 59. Bf2 Kg6 60. Ke4
Bg5 61. Kd3 Ne3 62. Rg1 Kf5 63. Bxe3 fxe3 64. g3 hxg3 65. Rxg3 Bf4 66. Rh3 Bg5
67. Rg3 Kf6 68. Rh3 Kg6 69. Ke2 Kf5 70. Rg3 Bf4 71. Rh3 Rg8 72. Bd7+ Ke5 73.
Kd3 Rg2 74. Rh5+ Bg5 75. Bg4 Rd2+ 76. Kc3 Kf4 0-1

[Event "SUI-chT Zuerich-Winterthur"]
[Site "?"]
[Date "2009.09.12"]
[Round "6.6"]
[White "Vogt, Lothar"]
[Black "Kelecevic, Nedeljko"]
[Result "1-0"]
[WhiteElo "2458"]
[BlackElo "2316"]
[PlyCount "103"]
[EventDate "2009.09.12"]
[SourceDate "2001.01.01"]

1. e4 c5 2. Nf3 Nc6 3. Bb5 d6 4. d4 cxd4 5. Qxd4 Bd7 6. Bxc6 Bxc6 7. Nc3 Nf6 8.
Bg5 e6 9. O-O-O Be7 10. Qd3 a6 11. Nd4 Rc8 12. f4 O-O 13. Kb1 b5 14. e5 dxe5
15. fxe5 Nd5 16. Nxc6 Rxc6 17. Bxe7 Qxe7 18. Nxd5 exd5 19. Qxd5 Re6 20. Rhe1
Re8 21. Re2 h6 22. Rf1 Qc7 23. a3 Rxe5 24. Rxe5 Rxe5 25. Qa8+ Kh7 26. Qxa6 Qc4
27. Rc1 Qe4 28. g3 f5 29. Qd6 Rd5 30. Qc6 h5 31. Ka2 Qe5 32. Re1 Qd4 33. Qe8
Qc4+ 34. Kb1 Qg4 35. Qe2 Qxe2 36. Rxe2 g5 37. Kc1 h4 38. Rd2 Re5 39. Rd1 hxg3
40. hxg3 Kg6 41. Rd4 Re3 42. Rd3 Re5 43. Kd2 Kh5 44. Rd4 Re8 45. Rb4 Rb8 46.
Ke3 f4+ 47. gxf4 g4 48. f5 Kg5 49. Kf2 Kh4 50. Kg2 Kg5 51. Kg3 Kxf5 52. a4 1-0

[Event "SUI-chT Winterthur-Zuerich"]
[Site "?"]
[Date "2009.09.12"]
[Round "6.7"]
[White "Nuri, Kambez"]
[Black "Brunner, Lucas"]
[Result "1/2-1/2"]
[WhiteElo "2197"]
[BlackElo "2475"]
[PlyCount "51"]
[EventDate "2009.09.12"]
[SourceDate "2001.01.01"]

1. e4 c6 2. Nf3 d5 3. exd5 cxd5 4. Ne5 Nf6 5. d4 g6 6. Bd3 Bg7 7. Nd2 O-O 8.
Ndf3 Nc6 9. c3 Nxe5 10. dxe5 Ne4 11. h3 Nc5 12. Bc2 b5 13. O-O Bb7 14. Qe2 Qc7
15. Be3 a6 16. Bd4 Ne6 17. a3 Rfc8 18. Bd3 Bc6 19. b4 Bd7 20. Qe3 Qd8 21. Nd2
Nxd4 22. cxd4 Rc3 23. Nb1 Rc7 24. Nd2 Rc3 25. Nb1 Rc7 26. Nd2 1/2-1/2

[Event "SUI-chT Zuerich-Winterthur"]
[Site "?"]
[Date "2009.09.12"]
[Round "6.8"]
[White "Gruenenwald, Joerg"]
[Black "Rueetschi, Urs"]
[Result "1-0"]
[WhiteElo "2331"]
[BlackElo "2311"]
[PlyCount "129"]
[EventDate "2009.09.12"]
[SourceDate "2001.01.01"]

1. d4 Nf6 2. c4 e6 3. Nf3 Bb4+ 4. Bd2 Qe7 5. g3 Nc6 6. Bg2 Bxd2+ 7. Nbxd2 d6 8.
e4 e5 9. d5 Nb8 10. O-O a5 11. Ne1 O-O 12. Nd3 Na6 13. f4 Nd7 14. Qe2 Nb4 15.
Nxb4 axb4 16. f5 f6 17. Qe3 c5 18. a3 bxa3 19. Rxa3 Rxa3 20. Qxa3 Nb8 21. b4
cxb4 22. Qxb4 Qc7 23. Rb1 Na6 24. Qb6 Qc5+ 25. Qxc5 Nxc5 26. Rb6 Rd8 27. Nb3
Nxb3 28. Rxb3 Kf8 29. Kf2 Rd7 30. Bf1 Rc7 31. g4 g5 32. h4 h6 33. hxg5 hxg5 34.
Rh3 Kg7 35. Ra3 Rc5 36. Ke3 Kf8 37. Kd2 Bd7 38. Ra7 Bc8 39. Kc3 Ke7 40. Kb4 Kd8
41. Ra2 Bd7 42. Rh2 Be8 43. Rh6 Ke7 44. Rh7+ Bf7 45. Rh3 Be8 46. Be2 Kd8 47.
Rh7 Rc7 48. Rh6 Rf7 49. Bd1 Bd7 50. Ba4 Bc8 51. c5 Kc7 52. cxd6+ Kxd6 53. Rh8
Rc7 54. Rd8+ Ke7 55. Re8+ Kd6 56. Rf8 Ke7 57. d6+ Kxd6 58. Rxf6+ Ke7 59. Rg6
Rc1 60. Bb3 Rf1 61. Rxg5 Bd7 62. Rg7+ Ke8 63. Kc5 Bc6 64. Bd5 Rf4 65. Kd6 1-0

[Event "SUI-chT Bodan-Wollishofen"]
[Site "?"]
[Date "2009.09.06"]
[Round "7.1"]
[White "Hommeles, Theo"]
[Black "Prusikin, Michael"]
[Result "1/2-1/2"]
[WhiteElo "2410"]
[BlackElo "2552"]
[PlyCount "86"]
[EventDate "2009.09.07"]
[EventCountry "SUI"]
[SourceDate "2001.01.01"]

1. e4 e5 2. Nf3 Nc6 3. Bb5 a6 4. Ba4 Nf6 5. O-O Be7 6. Re1 b5 7. Bb3 d6 8. c3
O-O 9. h3 Na5 10. Bc2 c5 11. d4 Qc7 12. Nbd2 Rd8 13. d5 c4 14. Nf1 Nb7 15. Ng3
Bd7 16. Bg5 Rdc8 17. Qd2 Nc5 18. Rad1 Qd8 19. Nf5 Bxf5 20. exf5 Nfd7 21. Bxe7
Qxe7 22. b4 cxb3 23. axb3 Qf6 24. Re3 a5 25. Nh2 Qh4 26. Rg3 Nf6 27. Re1 b4 28.
Ng4 bxc3 29. Rxc3 Nxg4 30. hxg4 h6 31. Ree3 Qg5 32. Qe2 Rcb8 33. Rc4 Rb4 34. f4
Qd8 35. fxe5 Rxc4 36. Qxc4 Qb6 37. Qd4 dxe5 38. Rxe5 Qd6 39. Qe3 f6 40. Re8+
Rxe8 41. Qxe8+ Kh7 42. Qg6+ Kg8 43. Qe8+ Kh7 1/2-1/2

[Event "SUI-chT Wollishofen-Bodan"]
[Site "?"]
[Date "2009.09.06"]
[Round "7.2"]
[White "Carron, Julien"]
[Black "Zeller, Frank"]
[Result "0-1"]
[WhiteElo "2411"]
[BlackElo "2455"]
[PlyCount "84"]
[EventDate "2009.09.07"]
[EventCountry "SUI"]
[SourceDate "2001.01.01"]

1. d4 Nf6 2. c4 c5 3. d5 b5 4. cxb5 a6 5. bxa6 g6 6. Nc3 Bxa6 7. g3 d6 8. Nf3
Bg7 9. Bg2 Nbd7 10. Rb1 Nb6 11. b3 Bc8 12. Nh4 h6 13. Qc2 Qd7 14. Bb2 g5 15.
Nf3 Qf5 16. e4 Qg6 17. O-O O-O 18. Rbd1 Qh5 19. a4 Bg4 20. Rd3 c4 21. bxc4 Nxc4
22. Nd4 Ne5 23. Re3 Bh3 24. f3 Bd7 25. Re2 Rfc8 26. Qd1 Rc4 27. Nf5 Bxf5 28.
exf5 Rb8 29. Nb5 g4 30. Rxe5 dxe5 31. Bxe5 Rbc8 32. f4 Qxf5 33. d6 Bf8 34. Bxf6
exf6 35. Re1 Qc5+ 36. Kh1 Rc1 37. Qxg4+ Kh8 38. Rd1 Rxd1+ 39. Qxd1 Qc1 40. Qf1
Qd2 41. Qf3 Rc1+ 42. Bf1 Rc2 0-1

[Event "SUI-chT Bodan-Wollishofen"]
[Site "?"]
[Date "2009.09.06"]
[Round "7.3"]
[White "Knoedler, Dieter"]
[Black "Moor, Olivier"]
[Result "0-1"]
[WhiteElo "2359"]
[BlackElo "2368"]
[PlyCount "80"]
[EventDate "2009.09.07"]
[EventCountry "SUI"]
[SourceDate "2001.01.01"]

1. Nf3 Nf6 2. c4 e6 3. g3 d5 4. Bg2 Be7 5. O-O O-O 6. b3 b6 7. Bb2 Bb7 8. e3
Nbd7 9. d3 c5 10. Nc3 Qc7 11. Qe2 Rad8 12. Rac1 Qb8 13. Rfd1 Rfe8 14. cxd5 Nxd5
15. Nxd5 Bxd5 16. e4 Bb7 17. a3 Qa8 18. Ne1 a5 19. a4 Bf6 20. e5 Be7 21. Bxb7
Qxb7 22. Qf3 Qxf3 23. Nxf3 Nb8 24. Rc4 Rd5 25. Kf1 Nc6 26. Ke2 Red8 27. Re4 h5
28. h3 g6 29. h4 Bf8 30. Ne1 Bg7 31. f4 Ne7 32. Re3 Nf5 33. Rf3 Rb8 34. Nc2 b5
35. Ba1 bxa4 36. bxa4 Rb3 37. d4 Nxg3+ 38. Rxg3 Rxg3 39. Ne3 Rd8 40. dxc5 Rxe3+
0-1

[Event "SUI-chT Bodan-Wollishofen"]
[Site "?"]
[Date "2009.09.06"]
[Round "7.5"]
[White "Wildi, Marcel"]
[Black "Hindermann, Felix"]
[Result "1/2-1/2"]
[WhiteElo "2274"]
[BlackElo "2328"]
[PlyCount "71"]
[EventDate "2009.09.07"]
[EventCountry "SUI"]
[SourceDate "2001.01.01"]

1. g3 c5 2. Bg2 Nc6 3. d3 g6 4. e4 Bg7 5. f4 e6 6. c3 Nge7 7. Be3 b6 8. d4 cxd4
9. cxd4 d5 10. e5 h5 11. Nf3 Qd7 12. Nc3 Ba6 13. Bf1 Bxf1 14. Kxf1 Rc8 15. Rc1
Na5 16. b3 Nf5 17. Kf2 Bf8 18. Nb1 Nc6 19. Qe2 Be7 20. Rc2 O-O 21. Rhc1 Rc7 22.
Kg2 Rfc8 23. Bf2 Nb4 24. Rxc7 Rxc7 25. Rxc7 Qxc7 26. Qd2 a6 27. Qc3 Qxc3 28.
Nxc3 Nc2 29. Kf1 Bb4 30. Nb1 Kf8 31. Ke2 Ke8 32. Kd3 Na3 33. Be1 Be7 34. Nxa3
Bxa3 35. b4 Bb2 36. Bc3 1/2-1/2